000 00457nam a2200169 4500
003 NUST-PNEC
005 20170116180736.0
008 141126b xxu||||| |||| 00| 0 eng d
040 _cPNEC
082 _a005.112 MIC
100 _91046
_aMicrosoft
245 _aMicrosoft exchange server 5.5 series-concepts and administration workbook:
260 _aUSA :
_bMicrosoft,
_cc1997
300 _a119 p. :
_c30 cm.
650 _xComputer, MIS
942 _2ddc
_cBK
999 _c61987
_d61987